| 000 | 00395pab a2200145 454500 | ||
|---|---|---|---|
| 008 | 180718b1987 xxu||||| |||| 00| 0 eng d | ||
| 100 | _aIslam, Sadequal | ||
| 245 |
_aMonetary policy in a developing economy _bThe case of Bangladesh |
||
| 260 | _c1987 | ||
| 300 | _a28-47 | ||
| 362 | _aOct.-Dec. | ||
| 650 | _aMonetary Policy - Bangladesh | ||
| 773 | _aIndian Economic Journal | ||
| 909 | _a13644 | ||
| 999 |
_c13644 _d13644 |
||